000 00284nam a22001217a 4500
040 _cSK
082 _a760
100 _aសួស ចំណាន
245 _aRural Engineering; វិស្វកម្មជនបទ
260 _aRUA
_bសួស
_c2002
300 _aNA
942 _cKB
999 _c8734
_d8734